| 000 -LEADER |
| fixed length control field |
01097nam a2200277Ia 4500 |
| 001 - CONTROL NUMBER |
| control field |
21242 |
| 003 - CONTROL NUMBER IDENTIFIER |
| control field |
GE_BSU |
| 005 - DATE AND TIME OF LATEST TRANSACTION |
| control field |
20211011163653.0 |
| 008 - FIXED-LENGTH DATA ELEMENTS--GENERAL INFORMATION |
| fixed length control field |
181216s2014||||ru |||||||||||||| ||rus|| |
| 020 ## - INTERNATIONAL STANDARD BOOK NUMBER |
| International Standard Book Number |
9789941936104 |
| 040 ## - CATALOGING SOURCE |
| Transcribing agency |
GE_BSU |
| 041 ## - LANGUAGE CODE |
| Language code of text/sound track or separate title |
rus |
| 080 ## - UNIVERSAL DECIMAL CLASSIFICATION NUMBER |
| Universal Decimal Classification number |
330.34 А-14 |
| 100 ## - MAIN ENTRY--PERSONAL NAME |
| Personal name |
Абесадзе, Рамаз |
| 9 (RLIN) |
12642 |
| 245 ## - TITLE STATEMENT |
| Title |
Структурные и инновационные проблемы экономического развития / |
| Statement of responsibility, etc. |
Рамаз Абесадзе, Вахтанг Бурдули ; Ред. Г. Берулава. |
| 264 ## - PRODUCTION, PUBLICATION, DISTRIBUTION, MANUFACTURE, AND COPYRIGHT NOTICE |
| Place of production, publication, distribution, manufacture |
Тбилиси : |
| Name of producer, publisher, distributor, manufacturer |
[?], |
| Date of production, publication, distribution, manufacture, or copyright notice |
2014. |
| 300 ## - PHYSICAL DESCRIPTION |
| Extent |
371 стр. ; |
| Dimensions |
21 см. |
| 520 ## - SUMMARY, ETC. |
| Summary, etc. |
Парал. загл. на англ. языке |
| 653 ## - INDEX TERM--UNCONTROLLED |
| keyword |
Структурные и инновационные проблемы экономического развития |
| 653 ## - INDEX TERM--UNCONTROLLED |
| keyword |
Экономика |
| 653 ## - INDEX TERM--UNCONTROLLED |
| keyword |
ეკონომიკა |
| 700 ## - ADDED ENTRY--PERSONAL NAME |
| Personal name |
Бурдули, Вахтанг |
| Relator term |
автор |
| 9 (RLIN) |
12643 |
| 700 ## - ADDED ENTRY--PERSONAL NAME |
| Personal name |
Берулава, Г. |
| Relator term |
редактор |
| 9 (RLIN) |
12644 |
| 942 ## - ADDED ENTRY ELEMENTS (KOHA) |
| Koha item type |
წიგნი |
| Source of classification or shelving scheme |
|